Die teuersten Fußballtransfers - Geboren 2002 - Statistiken

Allgemein
  • Dieses Quiz wurde 46 mal gespielt
  • Das Durchschnittsergebnis liegt bei 6 aus 10
Antwortstatistiken
Ablöse (M €) Saison Nationalität Abgebender Verein Aufnehmender Verein Spieler % Korrekt
90,00 2023-2024 Kroatien RB Leipzig Manchester City Josko Gvardiol
100%
36,80 2021-2022 Kroatien Dinamo Zagreb RB Leipzig Josko Gvardiol
100%
60,00 2023-2024 Belgien Stade Rennes Manchester City Jérémy Doku
87%
40,00 2023-2024 Niederlande Bayern München Bundesliga FC Liverpool Ryan Gravenberch
84%
47,00 2023-2024 England Manchester City FC Chelsea Cole Palmer
71%
38,00 2022-2023 Portugal Sporting Paris SG Nuno Mendes
53%
45,00 2023-2024 Frankreich Olympique Lyon Paris SG Bradley Barcola
45%
35,00 2022-2023 England PSV Eindhoven FC Chelsea Noni Madueke
32%
40,00 2020-2021 Portugal FC Porto Wolverhampton Fábio Silva
21%
37,20 2023-2024 England Southampton Newcastle United Tino Livramento
11%
Keine übereinstimmenden Quizze gefunden
Verteilung der Resultate
Anzahl Personen mit jedem Resultat
Perzentil nach korrekt beantworteten Fragen
Ihre Resultats-Entwicklung
Sie haben dieses Quiz noch nicht gespielt